[Event "Colombo Golden Jubilee op"]
[Site "Colombo"]
[Date "2022.11.23"]
[Round "2"]
[White "Sandanayake, Dehansa Nisanduni"]
[Black "Tennakoon, Lisara Samadhith"]
[Result "1-0"]
[WhiteElo "1332"]
[BlackElo "1716"]
[PlyCount "109"]
[EventDate "2022.11.23"]
[EventType "swiss"]
[EventRounds "9"]
[EventCountry "SRI"]
[SourceTitle "CBM 211 Extra"]
[Source "ChessBase"]
[SourceDate "2023.01.31"]
[SourceVersion "1"]
[SourceVersionDate "2023.01.31"]
[SourceQuality "1"]

1. e4 c5 2. Nf3 d6 3. d4 cxd4 4. Nxd4 Nf6 5. Nc3 a6 6. Be3 e6 7. f3 Qc7 8. Qd2 Be7 9. 0-0-0 Nbd7 10. g4 Nc5 11. Kb1 Nfd7 12. g5 b5 13. Nce2 Bb7 14. Rg1 Rc8 15. h4 Nb6 16. Nc1 Nca4 17. h5 Nc4 18. Bxc4 bxc4 19. c3 Rb8 20. Ka1 Bxe4 21. fxe4 Rb7 22. b3 Rxb3 23. Qc2 Rb2 24. Qxb2 Nxb2 25. Kxb2 Qb7+ 26. Ka1 Kd7 27. Nce2 Qxe4 28. Bc1 e5 29. Ng3 Qb7 30. Ndf5 Rb8 31. Ba3 Qf3 32. Bb4 Rb6 33. Rgf1 Qg2 34. Nxe7 Qxg3 35. Nf5 Qg4 36. Nxd6 Kc6 37. Nxf7 Qg3 38. Rd6+ Kb7 39. Rd7+ Kc8 40. Rfd1 Re6 41. Rd8+ Kb7 42. Nd6+ Kb6 43. Nxc4+ Kc6 44. Na5+ Kb6 45. Rb8+ Kc7 46. Rb7+ Kc8 47. Rbd7 Re8 48. Nc6 Qf3 49. Na5 e4 50. Nc4 Qf2 51. Nd6+ Kb8 52. Nxe8 e3 53. Re7 Kc8 54. Rc7+ Kb8 55. Rd8# 1-0

[Event "SRI-chB"]
[Site "Mount Lavinia"]
[Date "2022.03.19"]
[Round "8"]
[White "Senevirathne, SDBK"]
[Black "Tennakoon, Lisara Samadhith"]
[Result "0-1"]
[WhiteElo "1746"]
[BlackElo "1598"]
[PlyCount "60"]
[EventDate "2022.03.16"]
[EventType "swiss"]
[EventRounds "10"]
[EventCountry "SRI"]
[SourceTitle "EXT 2023"]
[Source "ChessBase"]
[SourceDate "2022.10.05"]
[SourceVersion "1"]
[SourceVersionDate "2022.10.05"]
[SourceQuality "1"]

1. e4 c5 2. Nf3 d6 3. c3 Qa5 4. Na3 Nf6 5. Nc4 Qc7 6. a4 e6 7. Bd3 b6 8. Qe2 Be7 9. Bc2 0-0 10. Ng5 h6 11. h4 d5 12. e5 Nfd7 13. Nf3 dxc4 14. Qe4 f5 15. exf6 Nxf6 16. Qxc4 Qd6 17. Qe2 Nc6 18. d4 cxd4 19. g4 Rd8 20. cxd4 Nxd4 21. Nxd4 Qxd4 22. g5 Bb4+ 23. Kf1 Ng4 24. Kg2 Nxf2 25. gxh6 Nxh1 26. Be4 Ba6 27. Qg4 Qf2+ 28. Kxh1 Qf1+ 29. Qg1 Qh3+ 30. Qh2 Rd1# 0-1

[Event "SRI-chB"]
[Site "Mount Lavinia"]
[Date "2022.03.18"]
[Round "5"]
[White "Tennakoon, Lisara Samadhith"]
[Black "Piyumantha, M Sasith Nipun"]
[Result "1-0"]
[WhiteElo "1598"]
[BlackElo "2223"]
[PlyCount "41"]
[EventDate "2022.03.16"]
[EventType "swiss"]
[EventRounds "10"]
[EventCountry "SRI"]
[SourceTitle "EXT 2023"]
[Source "ChessBase"]
[SourceDate "2022.10.05"]
[SourceVersion "1"]
[SourceVersionDate "2022.10.05"]
[SourceQuality "1"]

1. d4 Nf6 2. Bf4 d5 3. e3 c5 4. c3 Nc6 5. Nd2 Bf5 6. Ngf3 Qb6 7. dxc5 Qxc5 8. Qb3 Na5 9. Qd1 Qb6 10. Nd4 Bd7 11. Qc2 g6 12. N2f3 Bg7 13. Ne5 0-0 14. Bd3 Nc6 15. h4 Rac8 16. Ndxc6 Bxc6 17. h5 Nxh5 18. Rxh5 gxh5 19. Bxh7+ Kh8 20. Qf5 Qxb2 21. Qxh5 1-0

[Event "SRI-chB"]
[Site "Maharaga"]
[Date "2020.03.06"]
[Round "1.13"]
[White "Priyankara, Chamil Y"]
[Black "Tennakoon, Lisara Samadhith"]
[Result "1/2-1/2"]
[WhiteElo "1949"]
[BlackElo "1442"]
[PlyCount "28"]
[EventDate "2020.03.06"]
[EventType "swiss"]
[EventRounds "11"]
[EventCountry "SRI"]
[SourceTitle "CBM 195 Extra"]
[Source "ChessBase"]
[SourceDate "2020.05.31"]
[SourceVersion "1"]
[SourceVersionDate "2020.05.31"]
[SourceQuality "1"]

1. d4 Nf6 2. c4 e6 3. Nf3 b6 4. a3 Bb7 5. Nc3 Be7 6. Qc2 d6 7. e4 c5 8. d5 0-0 9. dxe6 fxe6 10. e5 dxe5 11. Ng5 Qc8 12. Bd3 h6 13. Bh7+ Kh8 14. h4 Nc6 1/2-1/2

[Event "Negombo op 3rd"]
[Site "Negambo"]
[Date "2017.08.23"]
[Round "8"]
[White "Tennakoon, Lisara Samadhith"]
[Black "Deshappriya, D Kalindu"]
[Result "0-1"]
[WhiteElo "1230"]
[BlackElo "1522"]
[PlyCount "88"]
[EventDate "2017.08.20"]
[EventType "swiss"]
[EventRounds "10"]
[EventCountry "SRI"]
[SourceTitle "CBM 180 Extra"]
[Source "ChessBase"]
[SourceDate "2017.10.06"]
[SourceVersion "1"]
[SourceVersionDate "2017.10.06"]
[SourceQuality "1"]

1. d4 Nf6 2. Bf4 c5 3. c3 cxd4 4. Qxd4 Nc6 5. Qa4 e5 6. Bg3 Qb6 7. Qc2 Bc5 8. e3 d5 9. Nd2 g6 10. Ngf3 Bf5 11. Qc1 Nd7 12. Be2 h5 13. h3 Be7 14. Bh2 g5 15. Nb3 Rc8 16. Qd2 g4 17. Ng1 Nf6 18. Bd3 Ne4 19. Qc2 Nb4 20. Qe2 Nxc3 21. Bxf5 Nxe2 22. Bxc8 Nxg1 23. Rxg1 Nc2+ 24. Kd2 Nxa1 25. Rxa1 Qb4+ 26. Kd1 Qc4 27. Rc1 Qf1+ 28. Kc2 Qxf2+ 29. Kb1 Qxg2 30. Bg1 gxh3 31. Bf5 h2 32. Bxh2 Qxh2 33. Na5 0-0 34. Nb3 Qf2 35. Bc2 Qxe3 36. a3 d4 37. Rd1 Rd8 38. Nc1 e4 39. Bb3 d3 40. Rf1 d2 41. Bxf7+ Kh8 42. Na2 d1R+ 43. Rxd1 Rxd1+ 44. Kc2 Qd3# 0-1

[Event "Negombo op 3rd"]
[Site "Negambo"]
[Date "2017.08.22"]
[Round "5"]
[White "Murali, V."]
[Black "Tennakoon, Lisara Samadhith"]
[Result "1-0"]
[WhiteElo "1444"]
[BlackElo "1230"]
[PlyCount "73"]
[EventDate "2017.08.20"]
[EventType "swiss"]
[EventRounds "10"]
[EventCountry "SRI"]
[SourceTitle "CBM 180 Extra"]
[Source "ChessBase"]
[SourceDate "2017.10.06"]
[SourceVersion "1"]
[SourceVersionDate "2017.10.06"]
[SourceQuality "1"]

1. e4 c5 2. Nf3 d6 3. Nc3 Nf6 4. h3 a6 5. a3 e6 6. d4 cxd4 7. Nxd4 Be7 8. Be2 Qc7 9. 0-0 Nbd7 10. f4 b5 11. f5 Nc5 12. fxe6 fxe6 13. b4 Ncxe4 14. Nxe4 Nxe4 15. Bf3 Nc3 16. Qd3 d5 17. Bh5+ Kd8 18. Bf4 e5 19. Bh2 Bf6 20. Nb3 Qb6+ 21. Kh1 d4 22. Nc5 Na4 23. Bf3 Ra7 24. Ne4 Be6 25. Nd2 Rc7 26. Rae1 Qd6 27. Qe4 Nc3 28. Qa8+ Rc8 29. Qb7 Re8 30. Ne4 Nxe4 31. Qxe4 Bg8 32. a4 Qxb4 33. axb5 axb5 34. Bg4 Be6 35. Bxe5 Bf7 36. Qb7 Re7 37. Qxc8# 1-0